| 000 | 00852cam a2200301i 4500 | ||
|---|---|---|---|
| 001 | 200468305 | ||
| 003 | TR-AnTOB | ||
| 005 | 20260424172018.0 | ||
| 007 | ta | ||
| 008 | 260424m19731963nyu j 000 0 eng d | ||
| 010 | _a 65011928 | ||
| 035 | _a6119527 | ||
| 040 |
_aDLC _cCarP _beng _erda _dDLC _dTR-AnTOB |
||
| 041 | 0 | _aeng | |
| 050 | 0 | 0 |
_aPS1306 _b.A1 1973 |
| 090 |
_aPS1306 _b.A1 1973 TıpFaK |
||
| 100 | 1 |
_aTwain, Mark, _d1835-1910. _eauthor _9116971 |
|
| 245 | 1 | 0 |
_aThe adventures of Tom Sawyer / _cby Mark Twain. |
| 250 | _aEleventh Dell printing Jully, 1973 | ||
| 264 | 1 |
_aNewyork : _bDell Publishing Co., _c1973. |
|
| 264 | 4 | _c©1962 | |
| 300 |
_a254 pages ; _c18 cm |
||
| 336 |
_atext _btxt _2rdacontent |
||
| 337 |
_aunmediated _bn _2rdamedia |
||
| 338 |
_avolume _bnc _2rdacarrier |
||
| 942 |
_2lcc _cBK |
||
| 999 |
_c200468305 _d86517 |
||